| 000 | 00369nam a2200133 a 4500 | ||
|---|---|---|---|
| 005 | 20140414131855.0 | ||
| 008 | 100901s19uu xx 00 eng d | ||
| 050 |
_aFIL _bB17 2001 |
||
| 100 | _aCanon, Kristine | ||
| 245 |
_aBakit matagal ang sundo ko? : _bWhy is my mommy late?. |
||
| 260 |
_aManila, Philippines : _bAdarna, _c2001. |
||
| 999 |
_c110442 _d110442 |
||